Los tres chiflados /
Guardado en:
| Autor Principal: | |
|---|---|
| Formato: | |
| Materias: | |
| Etiquetas: |
Agregar Etiqueta
Sin Etiquetas, Sea el primero en etiquetar este registro!
|
| LEADER | 00631ngm a22001935g 4500 | ||
|---|---|---|---|
| 001 | CEM.cems021397 | ||
| 008 | 130507b1992##################0###0#####d | ||
| 005 | 20240822155035.0 | ||
| 245 | 1 | 0 | |a Los tres chiflados / |c Lord |
| 300 | |a 85 | ||
| 500 | |a En soporte VHS, consultar en ventanilla. | ||
| 505 | 0 | |a Cortometrajes cómicos. Entretenimientos para horas libres. | |
| 538 | |a Soporte: VHS - Norma: Pal N - Color - Grabación Drd 1992 - Hitachi=3670 | ||
| 100 | 1 | |a Lord | |
| 082 | 7 | 7 | |. 5/CHA |
| 653 | |a ENTRETENIMIENTOS | ||
| 653 | |a CINE | ||
| 653 | |a COMICOS | ||
| 859 | |a CEMS |b BIB. CEMS - Depto. Recursos Didacticos |h 778.5 |i CHA |k DRD |p 40.12 |t Ej.1 | ||
